Buffy Surnames - Statistics

General Stats
  • This quiz has been taken 226 times
  • The average score is 18 of 23
Answer Stats
Surname First name % Correct
Summers Buffy
100%
Summers Dawn
99%
Rosenberg Willow
99%
Harris Xander
99%
Chase Cordelia
98%
Summers Joyce
98%
Giles Rupert
96%
Finn Riley
94%
Maclay Tara
83%
Lehane Faith
78%
Jenkins Anya
76%
Rayne Ethan
75%
Kendall Harmony
75%
Levinson Jonathan
73%
Walsh Maggie
71%
Mears Warren
70%
Wood Robin
69%
Wells Andrew
68%
Summers Hank
68%
Wood Nikki
55%
Young Kendra
53%
Gates Forrest
46%
Miller Graham
37%
No matching quizzes found
Score Distribution
Percent of People with Each Score
Percentile by Number Answered
Your Score History
You have not taken this quiz